000
00209nam a2200085Ia 4500
008
230508s9999 xx 000 0 und d
041
_a
eng
100
_a
SALUNKHE N.S.
245
_a
MECHANICAL ENGINEERING MATERIALS
999
_c
741941
_d
741941